Reading John Maynard Keynes : a short introduction

Saved in:
Bibliographic Details
Main Author Solimano, Andrés (Author)
Format Electronic eBook
LanguageEnglish
Published Abingdon, Oxon ; New York, NY : Routledge, 2024.
SeriesRoutledge focus on economics and finance
Subjects
Online AccessFull text
ISBN9781003480785
9781040085264
9781040085233
9781032769998
9781032770017
Physical Description1 online zdroj.

Cover

LEADER 00000cam a2200000 i 4500
001 114904
003 CZ-ZlUTB
005 20260626103247.0
006 m o d
007 cr |||||||||||
008 240226s2024 enk fo 001 0deng
020 |a 9781003480785  |q (ebook) 
020 |a 9781040085264  |q (electronic bk. : EPUB) 
020 |a 9781040085233  |q (electronic bk. : PDF) 
020 |z 9781032769998  |q (hardback) 
020 |z 9781032770017  |q (paperback) 
024 7 |a 10.4324/9781003480785  |2 doi 
035 |a (OCoLC)1425946744 
035 |a (OCoLC-P)1425946744 
040 |a OCoLC-P  |b eng  |e rda  |c OCoLC-P 
043 |a e-uk--- 
045 |a x-x- 
072 7 |a 330.8  |x Ekonomické teorie, doktríny, směry  |2 Konspekt  |9 4 
080 |a 330.834  |2 MRF 
080 |a 33-051  |2 MRF 
080 |a (410)  |2 MRF 
080 |a (0.034.2:08)  |2 MRF 
080 |a (048.8)  |2 MRF 
100 1 |a Solimano, Andrés,  |e author. 
245 1 0 |a Reading John Maynard Keynes :  |b a short introduction /  |c Andrés Solimano. 
264 1 |a Abingdon, Oxon ;  |a New York, NY :  |b Routledge,  |c 2024. 
300 |a 1 online zdroj. 
336 |a text  |b txt  |2 rdacontent 
337 |a počítač  |b c  |2 rdamedia 
338 |a online zdroj  |b cr  |2 rdacarrier 
490 0 |a Routledge focus on economics and finance 
506 |a Plný text je dostupný pouze z IP adres počítačů Univerzity Tomáše Bati ve Zlíně nebo vzdáleným přístupem pro zaměstnance a studenty 
600 1 7 |a Keynes, John Maynard,  |d 1883-1946  |2 jo20010083125  |7 czenas 
650 0 7 |a keynesiánství  |7 ph114905  |2 czenas 
650 0 7 |a ekonomové  |7 ph119838  |y 20. století  |z Velká Británie  |2 czenas 
650 0 9 |a Keynesian economics  |2 eczenas 
650 0 9 |a economists  |y 20th century  |z Great Britain  |2 eczenas 
655 7 |a elektronické knihy  |7 fd186907  |2 czenas 
655 7 |a monografie  |7 fd132842  |2 czenas 
655 9 |a electronic books  |2 eczenas 
655 9 |a monographs  |2 eczenas 
856 4 0 |u https://proxy.k.utb.cz/login?url=https://www.taylorfrancis.com/books/9781003480785 
942 |2 udc 
992 |c EBOOK-TN  |c TAYLOR 
993 |x NEPOSILAT  |y EIZ 
999 |c 114904  |d 114904